000
00329nam a2200145Ia 4500
100
_a
Shah/Sharanam/ Shah/Vaishali
942
_c
BK
366
_f
20
245
_a
Struts 2 with Hibernate 3 project
260
_b
Shroff Publishers
_c
2009
082
_a
5.133
_b
SHA
300
_a
926
546
_a
ENGLISH
_c
Computers
999
_c
24243
_d
24243